[Event "Berlin op 7th"]
[Site "Berlin"]
[Date "2002.06.22"]
[Round "2"]
[White "Zur, Jan"]
[Black "Ramlow, Holger Dietmar"]
[Result "0-1"]
[WhiteElo "1387"]
[BlackElo "1774"]
[PlyCount "114"]
[EventDate "2002.06.21"]
[EventType "swiss"]
[EventRounds "5"]
[EventCountry "GER"]
[SourceTitle "EXT 2006"]
[Source "ChessBase"]
[SourceDate "2005.11.24"]
[SourceVersion "1"]
[SourceVersionDate "2005.11.24"]
[SourceQuality "1"]

1. e4 c6 2. d4 d5 3. exd5 cxd5 4. c4 Nf6 5. Nc3 e6 6. Bg5 Be7 7. Nf3 0-0 8. Qc2 b6 9. Ne5 Bb7 10. Rd1 Nbd7 11. Bd3 h6 12. h4 dxc4 13. Bxc4 Rc8 14. Be2 Nd5 15. Be3 Nxe3 16. fxe3 Bxh4+ 17. Kf1 Nxe5 18. dxe5 Qg5 19. Bf3 Ba6+ 20. Kg1 Qxe3+ 21. Kh2 Bf2 22. Qe4 Qg5 23. Qg4 Qxe5+ 24. g3 Rfd8 25. Rxd8+ Rxd8 26. Kg2 Be3 27. Be4 Qg5 28. Qxg5 Bxg5 29. b4 Bf6 30. b5 Bxc3 31. bxa6 Bb4 32. Rb1 Bc5 33. Rc1 Rd2+ 34. Kh3 g5 35. Rc2 Rd4 36. Bc6 Kg7 37. a4 Kf6 38. a5 e5 39. Rb2 bxa5 40. Rb5 Bb6 41. Rxb6 axb6 42. a7 Rd8 43. a8Q Rxa8 44. Bxa8 e4 45. Kg2 Ke5 46. Kf2 f5 47. Bc6 f4 48. g4 Kd4 49. Ke2 e3 50. Kd1 Kc5 51. Bf3 b5 52. Kc2 Kb4 53. Kb2 a4 54. Be2 a3+ 55. Kc2 a2 56. Kb2 a1Q+ 57. Kxa1 Kc3 0-1